| 000 | 01589nab a2200277 a 4500 | ||
|---|---|---|---|
| 005 | 20241016063843.0 | ||
| 008 | 991125c2018 mx fr p o 000 0 spa d | ||
| 035 | _aUPN01000224102 | ||
| 040 |
_aUPN _bspa _cUPN _eaacr2 |
||
| 049 | _aART-E | ||
| 100 | 1 |
_aArnaiz García, Andrea _6- andreaarnaiz29@gmail.com |
|
| 100 | 1 | _aGuerra Mora, Patricia | |
| 100 | 1 | _aDi Giusto Valle, Cristina | |
| 100 | 1 | _aPizarro Ruiz, Juan Pablo | |
| 245 | 1 | 0 |
_aAutoconcepto en adultos: estudio de género y de tenencia de hermanos _h[recurso electrónico en línea] |
| 506 | 0 | _aAcceso abierto | |
| 520 | 3 | _aEn el presente estudio se analizan las diferencias en autoconcepto en función de dos variables: tenencia o no de hermanos/as y género. La muestra estuvo formada por 33 participantes adultos. Para la evaluación se empleó el cuestionario AF5 (García y Musitu, 2001). Se han encontrado diferencias significativas en autoestima familiar en función del número de hermanos/as y en autoestima emocional en base al género. Estos resultados se podrían explicar teniendo en cuenta la atención recibida y propensión a padecer altos niveles de ansiedad, inestabilidad emocional o depresión. | |
| 650 | 2 |
_93822 _aAutopercepción |
|
| 650 | 4 |
_aGénero _95712 |
|
| 650 | 2 |
_aHermanos y hermanas _98938 |
|
| 653 | 0 | _aAdultos | |
| 773 |
_gNo. 38 (2017-18) _tAlternativas en psicología _x2007-5251 |
||
| 856 | 4 | _uhttps://www.alternativas.me/numeros/27-numero-38-agosto-2017-enero-2018/155-autoconcepto-en-adultos-estudio-de-genero-y-de-tenencia-de-hermanos | |
| 905 | _aArticulo | ||
| 942 | _cART-E | ||
| 999 |
_c196199 _d196199 |
||